000 01150nam a22003497a 4500
003 CHAP
005 20220329140352.0
008 971013s1976 r 00010 d
010 _a50996
011 _a51968
035 _a56118
040 _cCHAP
090 _aFolleto 7576
100 0 0 _aRodríguez Peña, Manuel A.
_998777
245 _aAlgunos conceptos básicos en la cubicación de fustes y trocerías
260 _aMéxico, D. F. :
_bINIF,
_c1976
300 _a21 p.
490 _aINIF. Boletín técnico
_v; 53
590 _aBATCH-UPD
_b10
_c20130110
_lUCH01
_h0601
590 _aBATCH-UPD
_b10
_c20130110
_lUCH01
_h2313
590 _aBATCH-UPD
_b10
_c20130410
_lUCH01
_h0242
590 _aBATCH-UPD
_b10
_c20130914
_lUCH01
_h1527
590 _aCONVERSION
_b10
_c20130109
_lUCH01
_h1328
650 1 4 _aMadera
_xCubicación.
_969599
700 0 _aGarcía Arellano, Dédalo.
_945718
700 0 _aManzanilla Bolio, Hugo.
_970822
830 0 _aINIF. Boletín técnico
_v; 53
_958610
901 _aBK
942 _cFOLL
949 _aFolleto 7576
_bBC
_cFOLL
_d-122739
_eTS1
_i56118
_si
949 _aFolleto 7576
_bBC
_cFOLL
_d-122740
_eTS2
_fc.2
_i56118
_si
999 _c50996
_d50996